Korn Charting Songs (Billboard Hot 100) - Statistics

General Stats
  • This quiz has been taken 81 times
  • The average score is 3 of 5
Answer Stats
Album Weeks On Peak Artist(s) Song % Correct
See You on the Other Side 6 Weeks #79 Korn Coming Undone
70%
MTV Unplugged: Korn 1 Week #89 Korn ft. Amy Lee Freak on a Leash (Unplugged)
62%
See You on the Other Side 11 Weeks #64 Korn Twisted Transistor
59%
Untouchables 12 Weeks #72 Korn Here to Stay
51%
Take a Look in the Mirror 10 Weeks #38 Korn Did My Time
39%
No matching quizzes found
Score Distribution
Percent of People with Each Score
Percentile by Number Answered
Your Score History
You have not taken this quiz